LEADER 01795nam a2200373 a 4500 001 000000168145 003 CaOOAMICUS 005 20180612093840.0 008 180612s2017 it u000 u ita r 020 $z978-88-14-217142* 032 $aLibriCat 040 $aPUL$bita 082 04$a345.45 245 00$aGiudice di pace processo minorile mandato di arresto europeo /$ca cura di Giovanni Ariolli ... [et al.] ; coordinamento di Pasquale Bronzo. 260 $aMilano :$bGiuffrè,$c2017. 300 $aXLIX, 1011 p. ;$c25 cm. 490 1 $aCodice di procedura penale : rassegna di giurisprudenza e di dottrina ;$v10 parte speciale 500 $aSul front.: Volume X. Parte speciale. Aggiornamento. 500 $aIn testa al front.: Giorgio Lattanzi, Ernesto Lupo. 504 $aBibliografia in nota. 650 4$aProcedura penale$zItalia.$0(OLS)http://pul/subject/12686 700 1 $aBronzo, Pasquale.$0(OLS)http://pul/name/85341 700 1 $aAriolli, Giovanni.$0(OLS)http://pul/name/87134 700 1 $aLupo, Ernesto.$0(OLS)http://pul/name/85343 700 1 $aLattanzi, Giorgio.$0(OLS)http://pul/name/51063 830 0$aCodice di procedura penale : rassegna di giurisprudenza e di dottrina ;$v10 parte speciale.$0(OLS)http://pul/title/167434 850 $aPUL 852 $aPUL$W1$xSL Diritto e Scienze Sociali 3$y79$m345. 45 LATGI 1.10.2$j191724$qDDC 21$B195967$CPULBib$Z2$F195967 $H130967 $81 941 1 $a9 996 $6020$z978-88-14-217142*$9(OLS)http://pul/number/164289 996 $6082$a345.45$9(OLS)http://pul/classification/371 996 $6245$aGiudice di pace processo minorile mandato di arresto europeo$9(OLS)http://pul/title/208362 996 $6260$aMilano :$bGiuffrè$9(OLS)http://pul/publisher/48401 LEADER 01560nam a2200361 a 4500 001 000000173517 003 CaOOAMICUS 005 20200529112447.0 008 200529m2019 it u001 u ita r 020 $a978-88-311-1222-2* 032 $aLibriCat 040 $aPUL$bita 082 04$a248 100 0 $aFranciscus Salesius,$cs.,$d1567-1622.$0(OLS)http://pul/name/21121 245 13$aLe controversie /$cFrancesco di Sales ; introduzione e cura di Giuseppe Gioia. 260 $aRoma :$bCittà Nuova,$c©2019. 300 $a403 ;$c24 cm 490 1 $aOpere complete di Francesco di Sales ;$v1 500 $aInclude indici. 504 $aRiferimenti bibliografici in nota. 700 1 $aGioia, Giuseppe.$0(OLS)http://pul/name/59086 800 0 $aFranciscus Salesius,$cs.,$d1567-1622.$tOpere ;$v1.$0(OLS)http://pul/nameTitle/909$0(OLS)http://pul/name/21121$0(OLS)http://pul/title/5258 830 0$aOpere complete di Francesco di Sales ;$v1.$0(OLS)http://pul/title/207865 850 $aPUL 852 $aPUL$W1$xSL Religione 3$y85$m248 FRASA 1.1$j197509$qDDC 21$B202294$CPULBib$Z2$F202294 $H134126 $82 900 $aFrancesco di Sales,$cs.$d1567-1622$921121 900 $aFrancesco di Sales,$cs.$d1567-1622$921121 941 1 $a9 996 $6020$a978-88-311-1222-2*$9(OLS)http://pul/number/167517 996 $6082$a248$9(OLS)http://pul/classification/457 996 $6245$aLe controversie$9(OLS)http://pul/title/214696 996 $6260$aRoma :$bCittà Nuova$9(OLS)http://pul/publisher/47927